| 000 | 00947pam a2200301 4500 | ||
|---|---|---|---|
| 005 | 20260322212031.0 | ||
| 008 | data | ||
| 010 | _a 73009651 | ||
| 020 | _a0398029288 | ||
| 020 | _a9780398029289 | ||
| 040 |
_aDLC _cDLC _dYUS _dYUS |
||
| 049 | _aYU31 | ||
| 050 | 0 |
_aHV5801 _b.C78 |
|
| 060 | 0 | 0 |
_aWM 270 _bT991 1974 |
| 096 | _aWM 270 C897t 1974 | ||
| 100 | 1 | _aCull, John G. | |
| 245 | 1 | 0 |
_aTypes of drug abusers and their abuses _c[by] John G. Cull [and] Richard E. Hardy. |
| 260 |
_aSpringfield, Ill., _bThomas _c[1974] |
||
| 300 |
_axv, 209 p. _c24 cm. |
||
| 490 | 0 | _aAmerican lecture series, publication no. 920. A publication in the Bannerstone division of American lectures in social and rehabilitation psychology | |
| 504 | _aIncludes bibliographies. | ||
| 590 | _aIncludes bibliographies | ||
| 650 | 0 | _aDrug abuse. | |
| 650 | 0 | _aAlcoholism. | |
| 650 | 2 | _aSubstance-Related Disorders. | |
| 700 | 1 | _aHardy, Richard E. | |
| 001 | data | ||
| 999 |
_c707 _d707 |
||